| 000 | 00518nam a22001697a 4500 | ||
|---|---|---|---|
| 008 | 140606b xxu||||| |||| 00| 0 eng d | ||
| 020 | _a6780106296029 | ||
| 050 | _aE211.P1198 1997 | ||
| 100 |
_aPaine ,Thomas _910706 |
||
| 245 |
_aCommon sense _cThomas Paine |
||
| 260 |
_aUnited States _bDover Publications _c1997 |
||
| 300 |
_av, 58p.; _c21cm. |
||
| 650 |
_aPolitical and Government _zUnited States _910707 |
||
| 650 |
_aPolitical scince _xHistory _910708 |
||
| 650 |
_aMornachy _910709 |
||
| 942 |
_2lcc _cMONOGRAPH _01 |
||
| 999 |
_c120658 _d120658 |
||